The workforce scorecard : (Record no. 347168)
[ view plain ]
| 000 -LEADER | |
|---|---|
| fixed length control field | 01911 a2200205 4500 |
| 020 ## - INTERNATIONAL STANDARD BOOK NUMBER | |
| International Standard Book Number | 1591392454 (hardcover) |
| 020 ## - INTERNATIONAL STANDARD BOOK NUMBER | |
| International Standard Book Number | 9781591392453 (hardcover) |
| 082 04 - DEWEY DECIMAL CLASSIFICATION NUMBER | |
| Classification number | 658.301 |
| 090 ## - LOCALLY ASSIGNED LC-TYPE CALL NUMBER (OCLC); LOCAL CALL NUMBER (RLIN) | |
| -- | 4736 |
| -- | 4736 |
| 100 1# - MAIN ENTRY--PERSONAL NAME | |
| Personal name | Huselid, Mark A. |
| 245 14 - TITLE STATEMENT | |
| Title | The workforce scorecard : |
| Remainder of title | managing human capital to execute strategy / |
| Statement of responsibility, etc. | Mark A. Huselid, Brian E. Becker, Richard W. Beatty. |
| 250 ## - EDITION STATEMENT | |
| Edition statement | 1st ed. |
| 260 ## - PUBLICATION, DISTRIBUTION, ETC. | |
| Place of publication, distribution, etc. | [S.l.] : |
| Name of publisher, distributor, etc. | Harvard Business Press, |
| Date of publication, distribution, etc. | 2005. |
| 300 ## - PHYSICAL DESCRIPTION | |
| Extent | 278 p. ; |
| Dimensions | 24 cm. |
| 520 ## - SUMMARY, ETC. | |
| Summary, etc. | Driving strategy through workforce performance In a marketplace fueled by intangible assets, anything less than optimal workforce success can threaten a firm's survival. Yet in most organizations, employee performance is both poorly managed and underutilized. The Workforce Scorecard argues that current management and human resource practices hinder employees' ability to contribute to strategic goals. To maximize the power of their workforce, organizations must meet three challenges: view their workforce in terms of contribution rather than cost; replace benchmarking metrics with measures that differentiate levels of strategic impact; and make line managers and HR professionals jointly responsible for executing workforce initiatives. Building on the proven model outlined in their bestselling book The HR Scorecard , Mark Huselid, Brian Becker, and coauthor Richard Beatty show how to create a Workforce Scorecard that identifies and measures the behaviors, competencies, mind-set, and culture required for workforce success and reveals how each dimension impacts the bottom line. Practical and timely, The Workforce Scorecard offers crucial lessons for leveraging human capital to achieve strategic success. |
| 700 1# - ADDED ENTRY--PERSONAL NAME | |
| Personal name | Becker, Brian E. |
| 700 1# - ADDED ENTRY--PERSONAL NAME | |
| Personal name | Beatty, Richard W. |
| 856 40 - ELECTRONIC LOCATION AND ACCESS | |
| Materials specified | Amazon.com |
| Uniform Resource Identifier | <a href="http://www.amazon.com/exec/obidos/ASIN/1591392454/chopaconline-20">http://www.amazon.com/exec/obidos/ASIN/1591392454/chopaconline-20</a> |
| 942 ## - ADDED ENTRY ELEMENTS (KOHA) | |
| Institution code [OBSOLETE] | NBS |
| Koha item type | Book |
| Call number prefix | 658.301 HUS |
| Withdrawn status | Lost status | Damaged status | Not for loan | Permanent Location | Current Location | Date acquired | Total Checkouts | Full call number | Barcode | Date last seen | Price effective from | Koha item type |
|---|---|---|---|---|---|---|---|---|---|---|---|---|
| Central Library (CL) | Central Library (CL) | 08/28/2013 | 658.301 HUS | NBS6093 | 08/28/2013 | 08/28/2013 | Book |
